000 00234 a2200109 4500
001 121816
020 _a7898017031178
040 _cEscola Canadense de Niteroi
090 _aMP
245 1 0 _aMaterial Dourado Individual
942 _cMATP
999 _c121816
_d121816